000 00991cam a2200205 4500
001 ##L131929
008 051216n2006 000 0 eng u
035 _a(Sirsi) u131929
041 0 _aeng
110 2 0 _aNew Civil Engineer
_9566
240 0 0 _aNCE consultants file 2006
245 0 0 _aConsultants file 2006
260 _aLondon
_bEMAP
_c2006
520 _aOnline version of the latest NCE consultants file, the annual guide to UK based civil and structural engineering consultancies. Provides a table of the top 100 firms ranked by number of staff and subsequent tables ranked by categories of engineering (building, environment, flooding, geotechnics, manufacturing, ports, power,public sector, rail, roads, transport; waste, and water).
650 2 4 _aNCE CONSULTANTS FILE 2006
651 4 _aUnited Kingdom
_y
690 _aBUILT ENVIRONMENT-ENGINEERING-CIVIL ENGINEERING
856 4 8 _uhttps://www.nceplus.co.uk
_zView the item free of charge at www.nceplus.co.uk...
942 _n0
999 _c104907
_d104907